000 00657nam a2200205Ia 4500
003 OSt
005 20230816140943.0
008 210716s2011 xx 000 0 und d
020 _a9781422162583
040 _cAIMIT LIBRARY
041 _aeng
082 _a362.10425
_21
_bHARV
245 _aHarvard business review on fixing health care from inside and out /
250 _a1st ed.
260 _aBoston :
_bHarvard Business School Press ,
_c2011.
300 _a241p. ;
_bPB
_c20.6 cm.
651 _aHealth care needs a newkind of hero
_9129980
651 _aSaving monday saving livesCommunity relations
_9129981
942 _2ddc
_cBK
_e1st
_k362.10425 HARV
999 _c206829
_d206829